[Event "BAN-ch U16 Girls 37th"]
[Site "Dhaka"]
[Date "2018.05.03"]
[Round "6"]
[White "Israt Jahan, Nishi"]
[Black "Rumaysa, Haider"]
[Result "1/2-1/2"]
[WhiteElo "1227"]
[BlackElo "1466"]
[PlyCount "45"]
[EventDate "2018.04.28"]
[EventType "swiss"]
[EventRounds "7"]
[EventCountry "BAN"]
[SourceTitle "EXT 2024"]
[Source "ChessBase"]
[SourceDate "2023.10.10"]
[SourceVersion "1"]
[SourceVersionDate "2023.10.10"]
[SourceQuality "1"]

1. e4 e5 2. Nf3 Nc6 3. Bc4 Bc5 4. d3 d6 5. h3 h6 6. Nc3 Nf6 7. Be3 Bb6 8. d4 0-0 9. dxe5 Nxe5 10. Nxe5 dxe5 11. Qf3 Qe7 12. Qg3 Nh5 13. Qf3 Bxe3 14. fxe3 Qg5 15. 0-0-0 Be6 16. Bd5 c6 17. Bb3 Bxb3 18. axb3 f5 19. Rd7 fxe4 20. Qxe4 Nf6 21. Qc4+ Kh8 22. Rxb7 Qxg2 23. Qf1 1/2-1/2